|
|
|
|
| LEADER |
00000nam a2200000 4500 |
| 008 |
150805b2014 c ||||| |||| 00| | spa d |
| 999 |
|
|
|c 2766
|d 2766
|
| 020 |
|
|
|a 9789968527323
|
| 090 |
|
|
|a 14.02.03
|b 1836
|
| 100 |
1 |
|
|9 715
|a Cordero Cordero, Teresita
|
| 245 |
1 |
0 |
|a Mujeres transformando mandatos sociales. Universidad de Costa Rica (1940-1959) /
|c Teresita Cordero Cordero
|
| 260 |
|
|
|a San José, Costa Rica :
|b INIE,
|c 2014
|
| 300 |
|
|
|a 211 páginas;
|b ilustraciones
|
| 520 |
|
|
|a Este libro es producto de dos investigaciones realizadas por la Dra Teresita Cordero, durante el periódo 2006-2011, en dos proyectos inscritos: el primero, en el Centro de Investigación de Estudios de la Mujer (CIEM) y el segundo en el Instituto de Investigación en Educación (INIE), no. 724-A9-310.
|
| 610 |
|
4 |
|9 714
|a UNIVERSIDAD DE COSTA RICA
|
| 650 |
1 |
4 |
|9 55
|a MUJERES
|
| 650 |
1 |
4 |
|9 716
|a PARTICIPACIÓN DE LA MUJER
|
| 650 |
1 |
4 |
|9 374
|a MOVIMIENTOS SOCIALES
|
| 650 |
1 |
4 |
|9 8
|a EDUCACIÓN SUPERIOR
|
| 856 |
|
|
|u http://www.inie.ucr.ac.cr/components/com_booklibrary/ebooks/mujeres%20transformando_digital.pdf
|d http://www.inie.ucr.ac.cr/components/com_booklibrary/ebooks/mujeres%20transformando_digital.pdf
|
| 942 |
|
|
|i 003806 ,003807
|h 14.02.03 1836
|2 z
|c 01
|